000
00142nam a22000857a 4500
082
_a
823
100
_a
UNKNOWN
245
_a
MEERA BAI
942
_c
BK
999
_c
8265
_d
8265